| 000 | 00821nam a2200289Ia 4500 | ||
|---|---|---|---|
| 005 | 20260324134602.0 | ||
| 008 | 008 260324s9999 xx 000 0 eng d | ||
| 020 | _a9780203770092 | ||
| 037 | _aEBOOK | ||
| 040 | _aCRL | ||
| 040 | _beng | ||
| 040 | _cCRL | ||
| 041 | _2eng | ||
| 041 | _aeng | ||
| 084 | _qCRL | ||
| 100 |
_aRobert Sternberg; Andreas Demetriou; Smaragda Kazi _91197370 |
||
| 245 | 0 | _aUnity and Modularity in the Mind and Self | |
| 245 | 0 | _bStudies on the Relationships between Self-awareness, Personality, and Intellectual Development from Childhood to Adolescence | |
| 260 | _bTaylor and Francis | ||
| 260 | _c2001 | ||
| 365 | _a | ||
| 365 | _b230 | ||
| 856 | _uhttp://www.taylorfrancis.com/books/9780203770092 | ||
| 942 | _cEBOOK | ||
| 999 |
_c1797625 _d1797625 |
||